01281nam a22001817a 4500003001000000005001700010008004100027040001400068041000700082100001800089245006300107260003900170300001200209500011000221520073700331650002001068654001101088IT-MiCISF20170403173535.0170403b xxu||||| |||| 00| 0 eng d cIT-MiCISF ait aGaiani Serena aQuesto bimbo a chi lo dobAsilo nido, nonni, babysitter... aCinisello B. (MI)bSan Paoloc2006 app. 125 agenitorialità, educazione-bambini, crescita-bambini, servizi-infanzia, rapporti-nonni-nipoti, operatori aA chi affidare il proprio bambino? È la domanda che solitamente precede il reinserimento lavorativo della madre, o che si fa avanti quando gli impegni di tutti i giorni pongono i genitori nella condizione di rivolgersi a qualcuno altro che non siano loro stessi per la cura e la crescita del proprio figlio. Alla nonna? Alla suocera? All'asilo nido? E quale asilo nido? Alla tata (o baby-sitter)? A una ragazza alla pari? A una badante extracomunitaria?... A volte la scelta è possibile, ma molte volte la scelta è obbligata. Questo volume intende allora discutere quali sono i pro e i contro di ciascuna di queste scelte, e di come incidono sull'educazione del bambino, sulla relazione di coppia e sulla vita della famiglia. aetà-evolutiva asaggio